| 000 | 01657nam a2200421Ii 4500 | ||
|---|---|---|---|
| 001 | DIGVEDIV0381 | ||
| 003 | NyNyDIG | ||
| 007 | cr ||||||||||| | ||
| 008 | 220401s2013 sp ab ob 000 0 spa d | ||
| 006 | m o d | ||
| 035 | _a(OCoLC)896860563 | ||
| 040 |
_aDGITA _beng _erda _epn _cDGITA |
||
| 020 |
_a9788499458793 _qeBook _qpdf |
||
| 020 | _z9788481692761 | ||
| 050 | 1 | 4 | _aBS2615 ebook |
| 245 | 0 | 3 |
_aEl amor entrañable del padre : _bguía para una lectura comunitaria del evangelio de Juan : animador / _cLa Casa de la Biblia. |
| 264 | 1 |
_aEstella (Navarra), España : _bEVD, Editorial Verbo Divino, _c2013. |
|
| 300 |
_a1 online resource : _billustrations, maps. |
||
| 336 |
_atext _btxt _2rdacontent |
||
| 337 |
_acomputer _bc _2rdamedia |
||
| 338 |
_aonline resource _bcr _2rdacarrier |
||
| 347 |
_atext file _2rdaft |
||
| 347 | _bPDF | ||
| 504 | _aIncludes bibliographical references. | ||
| 588 | 0 | _aOnline resource; title from PDF title page (Digitalia, viewed April 01, 2022) | |
| 630 | 0 | 0 |
_aBible. _pJohn _xCommentaries. |
| 630 | 0 | 0 |
_aBible. _pJohn _xCriticism, interpretation, etc. |
| 650 | 0 |
_aSpiritual life _xBiblical teaching. |
|
| 655 | 0 | _aElectronic books. | |
| 710 | 2 | _aLa Casa de la Biblia. | |
| 791 | 2 |
_aDigitalia (Firm), _edistributor. |
|
| 793 | 0 |
_gDigitalia eBook Collection: _aEditorial Verbo Divino |
|
| 776 | 0 | 8 |
_iPrint version: _tAmor entrañable del padre. _dEstella (Navarra), España : EVD, Editorial Verbo Divino, 2013 _z9788481692761 |
| 830 | 0 | _aPalabra y vida. | |
| 856 | 4 | 0 |
_3Digitalia Hispánica _uhttps://www.digitaliapublishing.com/a/51102/ |
| 910 | _aPremium collection: 2022 | ||
| 942 | _cRAA | ||
| 999 |
_c252264 _d252264 |
||